| 000 | 00764nam a22002057a 4500 | ||
|---|---|---|---|
| 999 |
_c7232 _d7232 |
||
| 003 | AR-CdUCM | ||
| 008 | 190320b ||||| |||| 00| 0 spa d | ||
| 040 |
_aMUNICIPALIDAD PROVINCIAL DEL CUSCO _cBIBLIOTECA MUNICIPAL DEL CUSCO |
||
| 082 |
_a113 / _bH133 |
||
| 100 |
_aHaeckel, Ernst _920382 |
||
| 245 | _aLos enigmas del universo / | ||
| 260 |
_aParis : _bOllendorff, _c1899. |
||
| 300 |
_a451 páginas ; _c21 cm. |
||
| 505 | _aContenido : Capítulo primero : Como se plantean los enigmas del universo -- Capitulo segundo : Estructuras del cuerpo humano -- Capitulo tercero : Nuestra vida -- Capitulo cuarto : Nuestra embriología ... | ||
| 650 |
_aEnigmas _920383 |
||
| 650 |
_aHumano _9596 |
||
| 650 |
_aUniverso _918615 |
||
| 942 |
_2ddc _cLIBROS |
||
| 945 | _arah | ||